| 000 | 01205nam a2200373 c 4500 | ||
|---|---|---|---|
| 001 | 53527 | ||
| 003 | ES-MaCES | ||
| 005 | 20250121134233.0 | ||
| 008 | 250120s2024 sp ||| | spa d | ||
| 017 |
_aM 13314-2024 _bDL |
||
| 020 | _a9788416842902 | ||
| 040 |
_aES-MaCES _bspa _cES-MaCES |
||
| 100 | 1 |
_aZamora Rodríguez, Augusto _941276 |
|
| 245 | 1 | 0 |
_aMultipolaridad y descolonización de las Naciones Unidas _cAugusto Zamora R. |
| 260 |
_aMadrid _bAkal _c2024 |
||
| 300 |
_a254 p., [1 h.] _bil. bl. y n. _c22 cm |
||
| 490 | 1 |
_aFoca investigación _v203 |
|
| 504 | _aBibliografía: p. 239-250 | ||
| 541 | _cCompra | ||
| 650 | 4 |
_aONU _926727 |
|
| 650 | 4 |
_apapel de la ONU _929145 |
|
| 650 | 4 |
_arelaciones internacionales _926675 |
|
| 650 | 4 |
_adesarrollo institucional _929802 |
|
| 650 | 4 |
_arelaciones interinstitucionales _930832 |
|
| 650 | 4 |
_aglobalización económica _930653 |
|
| 650 | 4 |
_anuevo orden económico internacional _929223 |
|
| 650 | 4 |
_ageografía política _928776 |
|
| 650 | 4 |
_ageografía económica _928772 |
|
| 650 | 4 |
_afuturo _928901 |
|
| 653 | 1 | 0 | _aOrganizaciones |
| 830 | 0 |
_935265 _aFoca investigación _v203 |
|
| 902 | _aLIB Libro | ||
| 942 |
_2CES _cBK _h6.4. |
||
| 999 |
_c53527 _d53527 |
||